00293nam a2200097Ia 4500008004100000040002900041050002800070100001600098245004800114260003300162230222s9999||||xx |||||||||||||| ||und|| cChuka University Library aTHE PL 8481 bM57 2016  aMiriti,A.K. 0aMwonoulimwengu katika methali za wamuthambi aC.U.bChuka universityc2016